| 000 | 01061nam a2200253 a 4500 | ||
|---|---|---|---|
| 001 | 81264 | ||
| 003 | BD-RjUL | ||
| 005 | 20230227102658.0 | ||
| 008 | 230227s2018 bg a|||| m||| 00| 0 eng d | ||
| 035 | _a(BD-RjUL)81264 | ||
| 040 |
_aBD-RjUL _beng _cBD-RjUL _dBD-RjUL |
||
| 041 | _aeng | ||
| 082 |
_a636.095492 _bKAS 2018 _223 |
||
| 100 |
_aKabir, Md. Zobidul _97085 |
||
| 245 | 1 | 0 |
_aStrengthening Perspectives of Veterinary Public Health Services in Context of Enviromental Realties in Bangladesh / _cMd. Zobidul Kabir ; _6Supervisor : Moizur Rahman, Co-Supervisor : Md. Jahanur Rahman |
| 260 |
_aRajshahi : _bInstitute of Environmental Science, University of Rajshahi, _c2018 |
||
| 300 |
_axxi, 378 Leaves : _bill, ; _c29 cm. |
||
| 502 | _aThesis (Ph. D.) -- Institute of Environmental Science, University of Rajshahi, 2018 | ||
| 504 | _aReferences : 313-330 | ||
| 650 |
_aAnimal Husbandry _vVeterinary Public Health _zBangladesh _97086 |
||
| 700 |
_aRahman, Moizur, Supervisor _97087 |
||
| 700 |
_aRahman, Md. Jahanur, Co-Supervisor _97088 |
||
| 942 |
_2ddc _cTHE |
||
| 999 |
_c81264 _d81264 |
||